Elements of advanced engineering mathematics (Record no. 11965)
[ view plain ]
| 000 -LEADER | |
|---|---|
| fixed length control field | 00962cam a22002535a 4500 |
| 001 - CONTROL NUMBER | |
| control field | 15773844 |
| 005 - DATE AND TIME OF LATEST TRANSACTION | |
| control field | 20170105102352.0 |
| 008 - FIXED-LENGTH DATA ELEMENTS--GENERAL INFORMATION | |
| fixed length control field | 090612s2009 ohu 000 0 eng |
| 010 ## - LIBRARY OF CONGRESS CONTROL NUMBER | |
| LC control number | 2009930547 |
| 020 ## - INTERNATIONAL STANDARD BOOK NUMBER | |
| International Standard Book Number | 0495668184 |
| 040 ## - CATALOGING SOURCE | |
| Original cataloging agency | DLC |
| Transcribing agency | DLC |
| Modifying agency | DLC |
| 100 1# - MAIN ENTRY--PERSONAL NAME | |
| Personal name | Peter, V. O'Neil. |
| 245 10 - TITLE STATEMENT | |
| Title | Elements of advanced engineering mathematics |
| Statement of responsibility, etc. | Peter V. O'Neil. |
| 260 ## - PUBLICATION, DISTRIBUTION, ETC. | |
| Place of publication, distribution, etc. | Mason, OH : |
| Name of publisher, distributor, etc. | Cengage, |
| Date of publication, distribution, etc. | 2009. |
| 263 ## - PROJECTED PUBLICATION DATE | |
| Projected publication date | 0910 |
| 300 ## - PHYSICAL DESCRIPTION | |
| Extent | xi, 478 p. |
| Other physical details | ill.; |
| Dimensions | 25 cm. |
| 500 ## - GENERAL NOTE | |
| General note | Includes index. |
| 856 42 - ELECTRONIC LOCATION AND ACCESS | |
| Materials specified | Contributor biographical information |
| Uniform Resource Identifier | <a href="http://www.loc.gov/catdir/enhancements/fy1105/2009930547-b.html">http://www.loc.gov/catdir/enhancements/fy1105/2009930547-b.html</a> |
| 856 42 - ELECTRONIC LOCATION AND ACCESS | |
| Materials specified | Publisher description |
| Uniform Resource Identifier | <a href="http://www.loc.gov/catdir/enhancements/fy1105/2009930547-d.html">http://www.loc.gov/catdir/enhancements/fy1105/2009930547-d.html</a> |
| 856 41 - ELECTRONIC LOCATION AND ACCESS | |
| Materials specified | Table of contents only |
| Uniform Resource Identifier | <a href="http://www.loc.gov/catdir/enhancements/fy1105/2009930547-t.html">http://www.loc.gov/catdir/enhancements/fy1105/2009930547-t.html</a> |
| 906 ## - LOCAL DATA ELEMENT F, LDF (RLIN) | |
| a | 0 |
| b | ibc |
| c | orignew |
| d | 2 |
| e | epcn |
| f | 20 |
| g | y-gencatlg |
| 942 ## - ADDED ENTRY ELEMENTS (KOHA) | |
| Source of classification or shelving scheme | |
| Koha item type | Book |
| Withdrawn status | Lost status | Damaged status | Not for loan | Collection code | Permanent Location | Current Location | Shelving location | Date acquired | Source of acquisition | Cost, normal purchase price | Total Checkouts | Total Renewals | Full call number | Barcode | Checked out | Date last seen | Date last checked out | Price effective from | Koha item type |
|---|---|---|---|---|---|---|---|---|---|---|---|---|---|---|---|---|---|---|---|
| Central Library (CL) | Central Library (CL) | General Stacks | 07/03/2013 | Progressive International Agencies | 12115.49 | 3 | 1 | 511 ONE | SEECS012560 | 07/13/2021 | 03/15/2021 | 03/15/2021 | 01/05/2017 | Book |
